Âm vang thời gian ( Những ca khúc đặc săc của miền Trung - Tây Nguyên)

Na minha lista:
Detalhes bibliográficos
Autor principal: Vũ, Trọng Tường
Formato: Livro
Publicado em: Hà Nội Âm Nhạc 2005
Assuntos:
Tags: Adicionar Tag
Sem tags, seja o primeiro a adicionar uma tag!
Thư viện lưu trữ: Trung tâm Học liệu Lê Vũ Hùng, Trường Đại học Đồng Tháp
LEADER 00767pam a22002178a 4500
001 00038427
005 20171026081025.0
008 170516s2005 ||||||Viesd
041 0 # |a Vie 
082 1 4 |a 782.42  |b Â120V 
100 1 # |a Vũ, Trọng Tường 
245 1 0 |b ( Những ca khúc đặc săc của miền Trung - Tây Nguyên)  |c Vũ Trọng Tường (biên soạn)  |a Âm vang thời gian 
260 # # |a Hà Nội  |b Âm Nhạc  |c 2005 
300 # # |a 362tr.  |c 27cm 
653 # # |a Âm vang  |a Thời gian 
852 # # |b Kho mượn  |j KM.0021945 
852 # # |b Kho đọc  |j KD.0020897 
852 # # |j KD.0020897  |j KM.0021945 
910 |d 16/05/2017 
980 # # |a Trung tâm Học liệu Lê Vũ Hùng, Trường Đại học Đồng Tháp